| 000 | 00574nam a2200193 u 4500 | ||
|---|---|---|---|
| 005 | 20210223131621.0 | ||
| 008 | 111109s2006 r 000 0 eng d | ||
| 020 | _a9992284501 | ||
| 035 | _aUPN01000182460 | ||
| 049 | _aI | ||
| 050 | 4 |
_aPZ73 _bM6.4 |
|
| 100 | 1 |
_aMorales Santos, Francisco, _d1940- _936587 |
|
| 245 | 1 | 0 |
_aArbol de pájaros / _cFrancisco Morales Santos ; il. de Vicky Ramos. |
| 260 |
_aGuatemala : _bNorma, _c2006. |
||
| 300 |
_a61 p. : _bil. |
||
| 440 | 0 |
_aTorre de papel. _pAzul |
|
| 650 | 4 |
_aCUENTOS INFANTILES GUATEMALTECOS _910936 |
|
| 905 | _aInfantil | ||
| 999 |
_c154563 _d154563 |
||